LEADER 01700nam a2200289 4500 001 000000333010 003 CaOOAMICUS 005 20250505145753.0 008 190321s2003 it 000 u ita r 020 $a88-7125-255-1 040 $aSeMil$bita 245 00$aAlessandro 6. e lo Stato della Chiesa :$batti del Convegno, Perugia, 13-15 marzo 2000 /$ca cura di Carla Frova, Maria Grazia Nico Ottaviani. 264 1$aRoma :$bMinistero per i Beni e le attivitą Culturali. Direzione Generale per gli Archivi,$c2003. 300 $a364 p. ;$c24 cm 490 1 $aPubblicazioni degli archivi di Stato. Saggi ;$v79 500 $aNella pagina contro il front.: Ministero per i beni e le attivitą culturali, Comitato nazionale incontri di studio per il 5. centenario del pontificato di Alessandro 6., 1492-1503. 600 04$aAlessandro VI .$0(OLS)http://semarc/subject/4927 650 4$aStato della Chiesa <756-1870> - Storia.$0(OLS)http://semarc/subject/11622 700 1 $aFrova, Carla.$0(OLS)http://semarc/name/109206 700 1 $aNico Ottaviani, Maria Grazia.$0(OLS)http://semarc/name/109207 830 0$aPubblicazioni degli Archivi di Stato. Saggi ;$v79.$0(OLS)http://semarc/title/453656 850 $aSeMil 852 $aSeMil$W1$xVenegono$y1$m3A IV 318$j212687$B225772$CSeMilBibl$Z2$F225772 $81 996 $6020$a88-7125-255-1$9(OLS)http://semarc/number/286894 996 $6245$aAlessandro 6. e lo Stato della Chiesa :$batti del Convegno, Perugia, 13-15 marzo 2000$9(OLS)http://semarc/title/422166 996 $6264$aRoma :$bMinistero per i Beni e le attivitą Culturali. Direzione Generale per gli Archivi$9(OLS)http://semarc/publisher/47655 LEADER 00917nam a2200217 i 4500 001 000000001649 003 CaOOAMICUS 005 20180830125435.0 008 180830s1973 xxk u000 u und u 040 $aSeMil$bita 100 1 $aKermode, Frank.$0(OLS)http://semarc/name/1496 245 14$aThe Oxford anthology of english literature /$c[general editor] Frank Kermode, John Hollander. 260 $aLondon ; Oxford ; New York :$bOxford University Press,$c1973. 300 $a2 v. ;$c24 cm. 500 $aFondo Ciprandi. 700 1 $aHollander, John.$0(OLS)http://semarc/name/1497 774 0 $tMiddle Ages through the Eighteenth century.$gVolume1$w()48454 774 0 $t1800 to the present.$gVolume2$w()170456 941 1 $a1 996 $6245$aThe Oxford anthology of english literature$9(OLS)http://semarc/title/2700 996 $6260$aLondon ; Oxford ; New York :$bOxford University Press$9(OLS)http://semarc/publisher/30331